000 00296cam a2200121ua 4500
020 _a9788122605884
082 _a894.812 803
_bEAC/OR
100 _aEachara , Varier .
245 0 0 _aOrachante ormakurippukal /
260 _aThrissur :
_bCurrent Books ,
_c2005.
300 _a144 ; .
942 _cBK
999 _c13580
_d13580